Tuyển chọn vi khuẩn đối kháng trong đất để phòng trị bệnh chạy dây trên khoai lang tím tại huyện Bình Tân, tỉnh Vĩnh Long : Luận văn tốt nghiệp Cao học. Chuyên ngành Công nghệ Sinh học

Phân lập và xác định tác nhân gây bệnh chạy dây trên khoai lang tím, tuyển chọn vi khuẩn có khả năng đối kháng với mầm bệnh chạy dây trên khoai lang tím trong điều kiện nhà lưới.

Gespeichert in:
Bibliographische Detailangaben
1. Verfasser: Nguyễn, Hoàng Minh Sang
Format: Buch
Sprache:Undetermined
Veröffentlicht: Cần Thơ Trường Đại học Cần Thơ 2017
Schlagworte:
Tags: Tag hinzufügen
Keine Tags, Fügen Sie den ersten Tag hinzu!
Thư viện lưu trữ: Trung tâm Học liệu Trường Đại học Cần Thơ
LEADER 01119nam a2200193Ia 4500
001 CTU_224264
008 210402s9999 xx 000 0 und d
082 |a 579.3 
082 |b S106 
100 |a Nguyễn, Hoàng Minh Sang 
245 0 |a Tuyển chọn vi khuẩn đối kháng trong đất để phòng trị bệnh chạy dây trên khoai lang tím tại huyện Bình Tân, tỉnh Vĩnh Long : 
245 0 |b Luận văn tốt nghiệp Cao học. Chuyên ngành Công nghệ Sinh học 
245 0 |c Nguyễn Hoàng Minh Sang ; Nguyễn Đắc Khoa (Cán bộ hướng dẫn) 
260 |a Cần Thơ 
260 |b Trường Đại học Cần Thơ 
260 |c 2017 
520 |a Phân lập và xác định tác nhân gây bệnh chạy dây trên khoai lang tím, tuyển chọn vi khuẩn có khả năng đối kháng với mầm bệnh chạy dây trên khoai lang tím trong điều kiện nhà lưới. 
650 |a Vi sinh học,Microbiology 
980 |a Trung tâm Học liệu Trường Đại học Cần Thơ